Normal view
MARC view
- Sabah Suhail
Entry Personal Name
001 - CONTROL NUMBER
- control field: 121319
003 - CONTROL NUMBER IDENTIFIER
- control field: NUST
005 - DATE AND TIME OF LATEST TRANSACTION
- control field: 20240226122603.0
008 - FIXED-LENGTH DATA ELEMENTS
- fixed length control field: 240226|| aca||aabn | a|a d
040 ## - CATALOGING SOURCE
- Original cataloging agency: NUST
- Transcribing agency: NUST
100 ## - HEADING--PERSONAL NAME
- Personal name: Sabah Suhail
670 ## - SOURCE DATA FOUND
- Source citation: Work cat.: (NUST): Sabah Suhail, A Highly Robust Watermarking Technique for Right Protection of Relational Database /, Mar 2012
